zpět

Detail výsledku týmu

Bar 12 opic, Prostějov

Datum a čas kvízu

29 Celkem bodů Celkový počet nahraných bodů na tomto kvízu bez doplňovacích otázek.
4. Pořadí na kvízu Konečné umístění týmu na tomto kvízu.

Zaznamenané odpovědi

# Otázka Odpověď Body Výsledky
1. Tým CNN Prima News bude posíle... Markéta Fialová 0
2. Česká komisařka Věra Jourová s... hodnoty a transparentnost 0
3. Kanadská spisovatelka Margaret... Příběh služebnice 0
4. Společnost Apple minulé úterý... iPhone 11 Pro 1
5. Kdeže jsou ty časy, kdy naši t... Bosna a Hercegovina 1
6. Když už jsme tu měli minulý tý... dopamin 0
7. Syn boha války Area a bohyně l... Erós 1
8. Příponu -filie mají různá slov... Alexej 1
9. Láska je samozřejmě nevyčerpat... 1A 2D 3C 4B 0
10. Jak se jmenuje herečka, která... Gwyneth Paltrow 1